| 000 | 00934cam a2200313 i 4500 | ||
|---|---|---|---|
| 001 | 200453688 | ||
| 003 | TR-AnTOB | ||
| 005 | 20260107162720.0 | ||
| 007 | ta | ||
| 008 | 041102s2021 tu 000 0 tur d | ||
| 040 |
_aTR-AnTOB _beng _erda _cTR-AnTOB |
||
| 041 | 1 |
_atur _hara |
|
| 050 | 4 |
_aPS3513.I25 _bA9319 2021 |
|
| 090 |
_aPS3513.I25 _bA9319 2021 |
||
| 100 | 1 |
_aGibran, Kahlil, _d1883-1931 _eauthor _946054 |
|
| 240 | 1 | 3 |
_aAl-ʻAwāṣif. _lTurkish. |
| 245 | 1 | 0 |
_aFırtınalar / _cHalil Cibran ; çeviren Eyyüp Seyrek. |
| 246 | 0 | 3 | _aEl-evasıf. |
| 250 | _aFavori basım | ||
| 264 | 1 |
_aİstanbul : _bAnonim Yayıncılık, _c2021. |
|
| 300 |
_a182 pages ; _c21 cm |
||
| 336 |
_atext _btxt _2rdacontent |
||
| 337 |
_aunmediated _bn _2rdamedia |
||
| 338 |
_avolume _bnc _2rdacarrier |
||
| 650 | 0 |
_aAmerikan edebiyatı _977588 |
|
| 700 | 1 |
_aSeyrek, Eyyüp _etranslator _9142591 |
|
| 942 |
_2lcc _cBK |
||
| 999 |
_c200453688 _d71900 |
||